| 000 | 00762nam a2200253Ia 4500 | ||
|---|---|---|---|
| 003 | OSt | ||
| 005 | 20220918170236.0 | ||
| 006 | a|||||r|||| 00| 0 | ||
| 007 | ta | ||
| 008 | 220917b |||||||| |||| 00| 0 eng d | ||
| 020 |
_a978 9004 25565 4 (pbk) _c3695.44 |
||
| 024 | _a285,537 | ||
| 037 |
_b43539, 13/03/2015, Segment Book Distributors _cTextual |
||
| 040 |
_aARTS _cARTS _beng |
||
| 041 |
_2eng _aeng |
||
| 082 | _aQ7:21:g, Q4 | ||
| 100 |
_aDeroche Francois _927876 |
||
| 245 | 0 | _aQurans of the umayyads | |
| 260 |
_aLeiden _bBrill _c2014 |
||
| 300 |
_axiii,156p. _ccm. |
||
| 650 | _aARABIC LITERATURE | ||
| 942 |
_hQ7:21:g, Q4 _cTEXL _2CC |
||
| 999 |
_c133239 _d133239 |
||